000 00323nam a2200133 i 4500
001 bg
100 1 _aTENDERA, P.
245 0 _aŚrodki i fundusze zakładowe w przedsiębiorstwie /
_cP. Tendera.
260 _aWarszawa,
_c1984.
040 _cBPK
041 _apol
942 _cKS
008 s pl f |000 0 pol
999 _c1146
_d1146
856 _uhttp://koha.tu.koszalin.pl/cgi-bin/koha/opac-detail.pl?biblionumber=1146
_yKatalog online BPK